| 000 | 00413nam a2200157Ia 4500 | ||
|---|---|---|---|
| 003 | GCL | ||
| 008 | 140319s9999 xx 000 0 ara d | ||
| 040 |
_aGCL / _cGCL |
||
| 082 | 0 | 4 |
_aط _b607 _bس ص |
| 100 | 1 | _aسيد رمضان هدارة | |
| 245 | 1 | 0 |
_aالصاروخ / _cسيد رمضان هدارة |
| 490 |
_aكيف يعمل _v0 |
||
| 650 | 0 | 4 | _aالفضاء |
| 650 | 0 | 4 | _aالصواريخ |
| 942 |
_2ddc _cBK |
||
| 999 |
_c46510 _d46510 |
||